Možnosti využitia jednotlivých zmluvných typov v outsourcingu

Možnosti zmluvného zabezpečenia outsourcingu podľa platného právneho poriadku SR. Význam outsourcingu pre podnik a dopady, ktoré v prípade jeho neúspechu môžu mať pre podnik až likvidačný charakter.

Salvato in:
Dettagli Bibliografici
Autore principale: Majerová, Jana
Natura: Capitolo di libro
Lingua:slovacco
Soggetti:
Tags: Aggiungi Tag
Nessun Tag, puoi essere il primo ad aggiungerne!!

MARC

LEADER 00000nla a2200000 4500
001 0161231
005 20221103130646.8
041 0 |a slo 
044 |a SK 
245 1 0 |a Možnosti využitia jednotlivých zmluvných typov v outsourcingu  |c Jana Majerová 
520 |a Možnosti zmluvného zabezpečenia outsourcingu podľa platného právneho poriadku SR. Význam outsourcingu pre podnik a dopady, ktoré v prípade jeho neúspechu môžu mať pre podnik až likvidačný charakter. 
610 2 0 |a metódy organizácie 
610 2 0 |a metódy riadenia 
610 2 0 |a outsourcing 
610 2 0 |a dodávatelia 
610 2 0 |a odberatelia 
610 2 0 |a služby 
610 2 0 |a zmluvy 
610 2 0 |a zákonník obchodný 
100 1 |a Majerová, Jana